The last puff (Record no. 2514)
[ view plain ]
| 000 -LEADER | |
|---|---|
| fixed length control field | nam a22 a 4500 |
| 005 - DATE AND TIME OF LATEST TRANSACTION | |
| control field | 20170517090457.0 |
| 008 - FIXED-LENGTH DATA ELEMENTS--GENERAL INFORMATION | |
| fixed length control field | 170517b1990 nyu||||| |||| 00| 0 eng d |
| 020 ## - INTERNATIONAL STANDARD BOOK NUMBER | |
| International Standard Book Number | 0393027899 |
| 040 ## - CATALOGING SOURCE | |
| Original cataloging agency | AKMAL |
| 082 ## - DEWEY DECIMAL CLASSIFICATION NUMBER | |
| Classification number | 613.85 FAR |
| 090 ## - LOCALLY ASSIGNED LC-TYPE CALL NUMBER (OCLC); LOCAL CALL NUMBER (RLIN) | |
| Classification number (OCLC) (R) ; Classification number, CALL (RLIN) (NR) | 613.85 |
| Local cutter number (OCLC) ; Book number/undivided call number, CALL (RLIN) | FAR |
| 100 ## - MAIN ENTRY--PERSONAL NAME | |
| Personal name | Farquhar, John W. |
| Dates associated with a name | 1927- |
| 9 (RLIN) | 5219 |
| 245 ## - TITLE STATEMENT | |
| Title | The last puff |
| Remainder of title | ex-smokers share the secrets of their success / |
| Statement of responsibility, etc. | John W. Farquhar, Gene A. Spiller. |
| 250 ## - EDITION STATEMENT | |
| Edition statement | 1st ed. |
| 260 ## - PUBLICATION, DISTRIBUTION, ETC. | |
| Place of publication, distribution, etc. | New York |
| Name of publisher, distributor, etc. | W.W. Norton |
| Date of publication, distribution, etc. | c1990. |
| 300 ## - PHYSICAL DESCRIPTION | |
| Extent | 252 p. |
| Dimensions | cm |
| 650 ## - SUBJECT ADDED ENTRY--TOPICAL TERM | |
| Topical term or geographic name entry element | Ex-smokers |
| Form subdivision | Interviews. |
| Geographic subdivision | United States |
| 9 (RLIN) | 5220 |
| 650 ## - SUBJECT ADDED ENTRY--TOPICAL TERM | |
| Topical term or geographic name entry element | Cigarette smokers |
| Form subdivision | Case studies. |
| General subdivision | Psychology |
| Geographic subdivision | United States |
| 9 (RLIN) | 5221 |
| 650 ## - SUBJECT ADDED ENTRY--TOPICAL TERM | |
| Topical term or geographic name entry element | Tobacco use |
| Geographic subdivision | United States. |
| 9 (RLIN) | 5222 |
| 700 ## - ADDED ENTRY--PERSONAL NAME | |
| Personal name | Spiller, Gene A. |
| 9 (RLIN) | 5223 |
| 942 ## - ADDED ENTRY ELEMENTS (KOHA) | |
| Source of classification or shelving scheme | |
| Koha item type | Book |
| Withdrawn status | Lost status | Source of classification or shelving scheme | Damaged status | Not for loan | Collection code | Home library | Current library | Shelving location | Date acquired | Inventory number | Total Checkouts | Full call number | Barcode | Date last seen | Price effective from | Koha item type |
|---|---|---|---|---|---|---|---|---|---|---|---|---|---|---|---|---|
| NON-FICTION | AKMAL Melaka | AKMAL Melaka | PINJAMAN | 17.05.2017 | 601294 | 613.85 FAR | 201703128 | 17.05.2017 | 17.05.2017 | Book | ||||||
| NON-FICTION | AKMAL Melaka | AKMAL Melaka | PINJAMAN | 17.05.2017 | 601293 | 613.85 FAR | 201703367 | 17.05.2017 | 17.05.2017 | Book |
